LEADER 00997nam0-22003371i-450- 001 990003023370403321 005 20071011165859.0 010 $a0-901759-08-2 035 $a000302337 035 $aFED01000302337 035 $a(Aleph)000302337FED01 035 $a000302337 100 $a20030910d1977----km-y0itay50------ba 101 0 $aita 102 $aIT 200 1 $aCapitalism in crisis and everyday life$fMichel Bosquet [i.e. A. Gorz]$gtranslated from the French by John Howe.. 210 $aHassocks$cHarvester$d1977. 215 $a199 p.$d23 cm 300 $a[trad. di: Critique du capitalisme quotidien] 610 0 $aCapitalismo$aFrancia 676 $aF/1.421 676 $aN/1.1 702 1$aGorz,$bAndré$f<1923-2007> 801 0$aIT$bUNINA$gRICA$2UNIMARC 901 $aBK 912 $a990003023370403321 952 $aN/1.1 BOS$b8287/I$fSES 952 $aN/1.1 BOS$b8967/I$fSES 959 $aSES 996 $aCapitalism in crisis and everyday life$9467137 997 $aUNINA LEADER 01163nam--2200361---450- 001 990005921190203316 005 20160524125946.0 010 $a978-88-204-1886-1 035 $a000592119 035 $aUSA01000592119 035 $a(ALEPH)000592119USA01 035 $a000592119 100 $a20140115d2013----km-y0itay50------ba 101 $aita 102 $aIT 105 $a||||||||001yy 200 1 $aFlussi migratori, comunità e coesione sociale$enuove sfide per la mediazione$fGian Piero Turchi, Michele Romanelli 210 $aMilano$cFranco Angeli$d2013 225 2 $aPolitiche e servizi sociali 410 0$12001$aPolitiche e servizi sociali 606 0 $aImmigrazione$xItalia$xPolitica sociale$2BNCF 676 $a304.809 700 1$aTURCHI,$bGian Piero$0523683 701 1$aROMANELLI,$bMichele$0523684 801 0$aIT$bsalbc$gISBD 912 $a990005921190203316 951 $aII.5. 7715$b243124 L.M.$cII.5.$d00351172 959 $aBK 969 $aUMA 979 $aCHIARA$b90$c20140115$lUSA01$h1204 979 $aANNASEN$b90$c20160524$lUSA01$h1259 996 $aFlussi migratori, comunità e coesione sociale$9828980 997 $aUNISA